[Event "De los Reyes op 21st"]
[Site "De los Reyes"]
[Date "2019.11.30"]
[Round "1"]
[White "De Vicente Guijarro, Juan"]
[Black "Luque Sanz, Victor"]
[Result "1-0"]
[WhiteElo "1853"]
[BlackElo "1132"]
[PlyCount "31"]
[EventDate "2019.11.30"]
[EventType "swiss"]
[EventRounds "9"]
[EventCountry "ESP"]
[SourceTitle "CBM 193 Extra"]
[Source "ChessBase"]
[SourceDate "2020.01.31"]
[SourceVersion "1"]
[SourceVersionDate "2020.01.31"]
[SourceQuality "1"]

1. e4 e5 2. Nf3 Nc6 3. Nc3 Nf6 4. d4 Bb4 5. Nxe5 Nxe5 6. dxe5 Nxe4 7. Qg4 Nxc3 8. Qxb4 Nd5 9. Qg4 g6 10. Bg5 d6 11. Qh4 Qd7 12. 0-0-0 Qc6 13. exd6 cxd6 14. Qd4 0-0 15. Bh6 Nb4 16. Qg7# 1-0

[Event "Tres Cantos op 11th"]
[Site "Tres Cantos"]
[Date "2019.06.22"]
[Round "1"]
[White "De Vicente Guijarro, Juan"]
[Black "Perez Ordonez, Jose Ramon"]
[Result "1/2-1/2"]
[WhiteElo "1836"]
[BlackElo "2126"]
[PlyCount "60"]
[EventDate "2019.06.22"]
[EventType "swiss"]
[EventRounds "9"]
[EventCountry "ESP"]
[SourceTitle "CBM 195 Extra"]
[Source "ChessBase"]
[SourceDate "2020.05.31"]
[SourceVersion "1"]
[SourceVersionDate "2020.05.31"]
[SourceQuality "1"]

1. e4 e5 2. Nf3 Nc6 3. Nc3 Nf6 4. d4 exd4 5. Nxd4 Bb4 6. Nxc6 bxc6 7. Bd3 d5 8. exd5 cxd5 9. 0-0 0-0 10. h3 h6 11. Nb5 c5 12. Qf3 a6 13. c3 axb5 14. cxb4 c4 15. Be2 Ra7 16. b3 Be6 17. Qg3 Kh8 18. Qe5 d4 19. Qxb5 d3 20. Bf3 cxb3 21. a3 d2 22. Bb2 Rc7 23. Rfd1 Rc2 24. Rab1 Bc4 25. Qe5 Qd3 26. Bc6 Rd8 27. b5 Qe2 28. Qc7 Rg8 29. Qd6 Qd3 30. Qf4 Qg6 1/2-1/2

[Event "Madrid Tajamar Easter op-A"]
[Site "Madrid"]
[Date "2018.03.24"]
[Round "3"]
[White "Marcos Herrero, Francisco"]
[Black "De Vicente Guijarro, Juan"]
[Result "1-0"]
[WhiteElo "1886"]
[BlackElo "1867"]
[PlyCount "51"]
[EventDate "2018.03.22"]
[EventType "swiss"]
[EventRounds "7"]
[EventCountry "ESP"]
[SourceTitle "EXT 2019"]
[Source "ChessBase"]
[SourceDate "2018.10.10"]
[SourceVersion "1"]
[SourceVersionDate "2018.10.10"]
[SourceQuality "1"]

1. d4 d5 2. c4 dxc4 3. e4 Nf6 4. Nc3 b5 5. e5 b4 6. exf6 bxc3 7. fxg7 Bxg7 8. bxc3 Be6 9. Bxc4 Bxc4 10. Qa4+ Nd7 11. Qxc4 0-0 12. Nf3 Nb6 13. Qc5 Qd6 14. Qg5 c5 15. Be3 Kh8 16. 0-0 cxd4 17. Nxd4 Bf6 18. Qh5 Rac8 19. Rad1 Qa3 20. Rd3 Rc5 21. Nf5 Rxc3 22. Bd4 Bxd4 23. Rxd4 Rc4 24. Qh6 Rg8 25. Rd6 Qf3 26. Qxh7+ 1-0

[Event "San Sebastian de los Reyes op 19th"]
[Site "San Sebastian"]
[Date "2017.12.09"]
[Round "8"]
[White "Cabanas Bravo, Juan Andres"]
[Black "De Vicente Guijarro, Juan"]
[Result "1-0"]
[WhiteElo "1910"]
[BlackElo "1879"]
[PlyCount "43"]
[EventDate "2017.12.02"]
[EventType "swiss"]
[EventRounds "9"]
[EventCountry "ESP"]
[SourceTitle "CBM 182 Extra"]
[Source "ChessBase"]
[SourceDate "2018.02.23"]
[SourceVersion "1"]
[SourceVersionDate "2018.02.23"]
[SourceQuality "1"]

1. e4 c5 2. Nf3 Nc6 3. d4 cxd4 4. Nxd4 g6 5. Nc3 Bg7 6. Be3 Nf6 7. Nxc6 bxc6 8. e5 Ng8 9. f4 Nh6 10. Qf3 0-0 11. Bc4 d5 12. exd6 exd6 13. Qxc6 Bg4 14. 0-0 Re8 15. Bf2 Rc8 16. Qa4 Bxc3 17. bxc3 Bf5 18. Rfe1 Be6 19. Bb3 Qc7 20. Qxa7 Qxc3 21. Qd4 Qa5 22. Qxd6 1-0

[Event "Madrid San Viator op-A 26th"]
[Site "Madrid"]
[Date "2016.04.24"]
[Round "4"]
[White "Lopez Ziegler, Juan Jose"]
[Black "De Vicente Guijarro, Juan"]
[Result "1/2-1/2"]
[WhiteElo "1609"]
[BlackElo "1761"]
[PlyCount "104"]
[EventDate "2016.04.03"]
[EventType "swiss"]
[EventRounds "9"]
[EventCountry "ESP"]
[SourceTitle "EXT 2017"]
[Source "ChessBase"]
[SourceDate "2016.10.25"]
[SourceVersion "1"]
[SourceVersionDate "2016.10.25"]
[SourceQuality "1"]

1. d4 d6 2. c4 f5 3. Nc3 Nf6 4. Bg5 e6 5. Nf3 Nbd7 6. e4 fxe4 7. Nxe4 Be7 8. Bd3 Nxe4 9. Bxe7 Qxe7 10. Bxe4 0-0 11. 0-0 Nf6 12. Bd3 Bd7 13. Re1 Nh5 14. Rc1 Rae8 15. Bb1 Qf6 16. Qc2 g6 17. Qd2 Nf4 18. Rc3 Re7 19. Rce3 Rg7 20. Kh1 g5 21. g3 Nh3 22. g4 c5 23. dxc5 Bc6 24. Kg2 h5 25. Kxh3 hxg4+ 26. Kg2 Bxf3+ 27. Kg1 Qh6 28. Qxd6 Qh3 29. Qxe6+ Kh8 30. Rxf3 Qxf3 31. Qh6+ Kg8 32. Qe6+ Qf7 33. Qd5 Kh8 34. Re2 Qc7 35. Qd6 Rd8 36. Qh6+ Kg8 37. Qe6+ Qf7 38. Qxf7+ Rxf7 39. Be4 Kg7 40. Bd5 Rc7 41. b4 a5 42. a3 axb4 43. axb4 Ra8 44. Rb2 Ra3 45. Kg2 Kf6 46. f3 gxf3+ 47. Bxf3 Rc3 48. Bd5 Re7 49. Rf2+ Kg7 50. b5 Rc7 51. c6 bxc6 52. bxc6 Re3 1/2-1/2

[Event "Madrid San Viator op-A 26th"]
[Site "Madrid"]
[Date "2016.04.17"]
[Round "3"]
[White "De Vicente Guijarro, Juan"]
[Black "Blasco Gallardo, Francisco"]
[Result "1-0"]
[WhiteElo "1761"]
[BlackElo "1421"]
[PlyCount "69"]
[EventDate "2016.04.03"]
[EventType "swiss"]
[EventRounds "9"]
[EventCountry "ESP"]
[SourceTitle "EXT 2017"]
[Source "ChessBase"]
[SourceDate "2016.10.25"]
[SourceVersion "1"]
[SourceVersionDate "2016.10.25"]
[SourceQuality "1"]

1. e4 g6 2. d4 Bg7 3. c4 c5 4. d5 d6 5. Nf3 Nf6 6. Nc3 Bg4 7. Be2 0-0 8. 0-0 Nbd7 9. Nd2 Bxe2 10. Qxe2 Qa5 11. f4 Ne8 12. Nb3 Qd8 13. Qc2 f5 14. Bd2 b6 15. Rae1 Nc7 16. Nc1 Rf7 17. N1e2 e5 18. Ng3 exf4 19. Bxf4 Be5 20. exf5 Qh4 21. Bxe5 Nxe5 22. Nce4 Ng4 23. h3 Ne5 24. fxg6 Rxf1+ 25. Rxf1 Nxg6 26. Nf6+ Kh8 27. Nge4 Rf8 28. Qc3 Ne5 29. Nxd6 Qd4+ 30. Qxd4 cxd4 31. Nfe4 Rxf1+ 32. Kxf1 Nxc4 33. Nxc4 Nxd5 34. Ned6 Kg7 35. Nf5+ 1-0

[Event "Madrid San Viator op 24th"]
[Site "Madrid"]
[Date "2015.05.31"]
[Round "9"]
[White "Unciti Juan, Javier"]
[Black "De Vicente Guijarro, Juan"]
[Result "1-0"]
[WhiteElo "2096"]
[BlackElo "1757"]
[PlyCount "51"]
[EventDate "2015.03.22"]
[EventType "swiss"]
[EventRounds "9"]
[EventCountry "ESP"]
[SourceTitle "EXT 2016"]
[Source "ChessBase"]
[SourceDate "2015.10.08"]
[SourceVersion "1"]
[SourceVersionDate "2015.10.08"]
[SourceQuality "1"]

1. e4 e5 2. f4 Bc5 3. Nf3 d6 4. Bc4 Nc6 5. c3 Qe7 6. b4 Bb6 7. d3 f5 8. a4 a5 9. b5 Nd8 10. fxe5 dxe5 11. Ba3 Bc5 12. Bxc5 Qxc5 13. Qe2 f4 14. d4 exd4 15. cxd4 Qb4+ 16. Nbd2 Nf7 17. 0-0 Ngh6 18. e5 Qe7 19. Ne4 Bg4 20. Qd2 g5 21. Nf6+ Kf8 22. Nxg5 Nxe5 23. dxe5 Rd8 24. Qxf4 Qc5+ 25. Kh1 Rd4 26. Nfe4+ 1-0

[Event "Madrid San Viator op 24th"]
[Site "Madrid"]
[Date "2015.05.10"]
[Round "6"]
[White "De Vicente Guijarro, Juan"]
[Black "Tome Vazquez, Oscar"]
[Result "0-1"]
[WhiteElo "1757"]
[BlackElo "1987"]
[PlyCount "54"]
[EventDate "2015.03.22"]
[EventType "swiss"]
[EventRounds "9"]
[EventCountry "ESP"]
[SourceTitle "EXT 2016"]
[Source "ChessBase"]
[SourceDate "2015.10.08"]
[SourceVersion "1"]
[SourceVersionDate "2015.10.08"]
[SourceQuality "1"]

1. e4 g6 2. d4 Bg7 3. c4 d6 4. Nc3 e5 5. Nf3 Nc6 6. dxe5 dxe5 7. Qxd8+ Nxd8 8. g3 Ne6 9. b3 f6 10. Ba3 Bf8 11. Bxf8 Kxf8 12. 0-0-0 c6 13. Bh3 Ke7 14. b4 Nh6 15. Nd2 Nf7 16. c5 b6 17. Na4 b5 18. Nc3 a5 19. bxa5 Nxc5 20. Bxc8 Rhxc8 21. Nb3 Nxb3+ 22. axb3 Rxa5 23. Kb2 Ng5 24. h4 Ne6 25. Rd2 Rca8 26. Rhd1 Nd4 27. Kb1 Ra3 0-1